The cell : A molecular approach
The third edition of this text/CD-ROM for an introductory cell biology course contains expanded material on areas such as genome sequencing, DNA microarrays, and stem cells. Coverage includes the flow of genetic information, cell structure and function, and cell regulation. The CD-ROM contains tutor...
Đã lưu trong:
| Hovedforfatter: | |
|---|---|
| Format: | Bog |
| Sprog: | Undetermined |
| Udgivet: |
Washington, D.C.
ASM Press
1997
|
| Fag: | |
| Tags: |
Tilføj Tag
Ingen Tags, Vær først til at tagge denne postø!
|
| Thư viện lưu trữ: | Trung tâm Học liệu Trường Đại học Cần Thơ |
|---|
| LEADER | 01017nam a2200217Ia 4500 | ||
|---|---|---|---|
| 001 | CTU_168365 | ||
| 008 | 210402s9999 xx 000 0 und d | ||
| 020 | |c 72.95 | ||
| 082 | |a 571.6 | ||
| 082 | |b C776 | ||
| 100 | |a Cooper, Geoffrey M. | ||
| 245 | 4 | |a The cell : | |
| 245 | 2 | |b A molecular approach | |
| 245 | 0 | |c Geoffrey M. Cooper | |
| 260 | |a Washington, D.C. | ||
| 260 | |b ASM Press | ||
| 260 | |c 1997 | ||
| 520 | |a The third edition of this text/CD-ROM for an introductory cell biology course contains expanded material on areas such as genome sequencing, DNA microarrays, and stem cells. Coverage includes the flow of genetic information, cell structure and function, and cell regulation. The CD-ROM contains tutorials on basic topics, animations of key concepts and processes, video microscopy sequences, and spoken pronunciations. | ||
| 650 | |a Cytology,Molecular biology,Tế bào học,Sinh học phân tử | ||
| 904 | |i Trọng Hải | ||
| 980 | |a Trung tâm Học liệu Trường Đại học Cần Thơ | ||